000 01465cam a2200325 a 4500
001 15974085
003 ARRUPE
005 20221130090639.0
008 091105s2010 cou 000 0 eng
010 _a 2009046887
020 _a9781601422217 (pbk.)
020 _a9781601422224 (pbk. : electronic)
028 _bArrupe
040 _aDLC
_cDLC
_dDLC
043 _an-us---
050 0 0 _aBV4501.3
_b.P63 2010
082 0 0 _a261/.10973
_222
100 1 _aPlatt, David,
_d1979-
_952115
245 1 0 _aRadical :
_btaking back your faith from the American Dream /
_cDavid Platt.
250 _a1st ed.
260 _aColorado Springs, Colo. :
_bMultnomah Books,
_c2010.
300 _a230 p. ;
_c21 cm.
505 0 _aSomeone worth losing everything for -- Too hungry for words -- Beginning at the end of ourselves -- The great why of God -- The multiplying community -- How much is enough? -- There is no Plan B -- Living when dying is gain -- The radical experiment.
650 0 _aChristian life
_zUnited States.
_952116
650 0 _aChristianity and culture
_zUnited States.
650 0 _aAmerican Dream
_xReligious aspects
_xChristianity.
_952117
906 _a7
_bcbc
_corignew
_d1
_eecip
_f20
_gy-gencatlg
942 _2lcc
_cMONOGRAPH
999 _c131605
_d131605